00876cam a22002171 450000100100000000500170001000800410002701000130006803500190008104000250010004200120012505000210013710000400015824501960019826000490039430000210044349000350046491000340049995201100053399900150064300000679620200929154008.0750716s1964 xx 000 0 spa  a66080145 a(OCoLC)1453781 aDO-SdBNPcNmLcUdDLC apremarc00aPQ7797.C3376bJ81 aCastellani, Leonardo,d1899-91887900aJuan XXIII (XXIV); :bo sea, La resurreccion de Don Quijote (Sinfonia fantastica a la Berlioz en tres movimientos y una coda; para uso de naciones subdesarrolladas) /c[por] Jeronimo del Rey. aBuenos Aires, :bEdiciones Theoria,c[1964]. a342 p. ;c20 cm.0 aBiblioteca argentina de letras aCatalogación por copia / LC 001052708MOaGRbGRcCTd2009-09-02iLF1l0o p6796-10r2020-06-25w2020-06-25y2ZPréstamo interno c6584d6584